000
00270nam a2200121Ia 4500
008
190216s9999||||xx |||||||||||||| ||und||
100
_a
Usha O V
245
0
_a
Dhyanam
260
_b
National Book Trust India
_c
1976
300
_a
42p
650
_a
Kavithkal
942
_c
BK
999
_c
25318
_d
25318